Държави по буква - Г - Statistics

General Stats
  • This quiz has been taken 87 times
  • The average score is 8 of 11
Answer Stats
Държава % Correct
Германия
86%
Грузия
86%
Гърция
84%
Гана
83%
Гвинея
81%
Габон
76%
Гамбия
69%
Гватемала
64%
Гвинея-Бисау
52%
Гвиана
48%
Гренада
43%
No matching quizzes found
Score Distribution
Percent of People with Each Score
Percentile by Number Answered
Your Score History
You have not taken this quiz